000 00383nam a22001337a 4500
020 _a93-5063-142-3
082 _a540
_bCBSE/C
100 _aCENTRAL BOARD OF SECONDARY EDUCATION
245 _aCHEMISTRY CBSE LAST 5 YEARS SOLVED PAPERS
_bCLASS XII
260 _aDELHI
_bEVERGREEN PUBLICATIONS
_c2015
300 _a208
650 _aCHEMISTRY SOLVED PAPERS FOR CLASS XII
_zINDIA
942 _cBK
999 _c696
_d696